00230nam a2200097 a 4500008004100000050001900041100002400060245003000084260000900114350000900123120416s1999 xx |||||||||||||| || u aTHESIS/STUDENT aNtalasha, Shachifwa10aBusiness ethics in Zambia c1999 a0.00